000 00482cam a2200193ua 4500
001 598
005 20260515113208.0
008 110409n ii |||gr||||Z||||||eng
020 _a81-7003-081-1
040 _cMAIN
082 _a327.54073
245 1 _aIndo-us relations :
_bDynamics of change /
250 _bedited by P.M. Kamath.
260 _aNew Delhi:
_bSouth Asian ,987.
300 _a194p:0cm.
653 _aPolitical science
653 _aIndo-us relations
942 _cBK
999 _c531
_d531